00667nam a22001457a 450000500170000000800410001702000180005804000100007608200250008610000180011124501100012926000820023930000340032165001660035520260218125126.0260218b |||||||| |||| 00| 0 eng d a9788193418703 cVITAP 223rd Ed.a709.54 BEH aBehl, Benoy K aThe Art of Indiab: Sculpture and Mural Painting (Ancient and Medieval Period) : VOLUME 2c/ Benoy K Behl aChennaibFrontline and THG (The Hindu Group) Publishing Private Limitedc2024 a259p. : ill. ; 29cmbVOLUME 2 0aArt of India; Temples; Ajanta; Indian Painting; Khajuraho; Temple Cities of Tamilnadu; Trans Himalayan Monteries; Royal Art And Chola Temples of Tamilnadu2